Vytvorenie webovej stránky – Spoznávajme spoločne Bratislavu a jej okolie

Salvato in:
Dettagli Bibliografici
Autore principale: Tereshchenko, Yurii (Autore)
Altri autori: Stašová, Oľga (Relatore della tesi)
Natura: Manoscritto Libro
Lingua:slovacco
Pubblicazione: Bratislava : STU v Bratislave FEI, 2022
Soggetti:
Accesso online:https://opac.crzp.sk/?fn=detailBiblioFormChildW4609&sid=B599B75453D2B93F16DE3575B660&seo=CRZP-detail-kniha
Tags: Aggiungi Tag
Nessun Tag, puoi essere il primo ad aggiungerne!!

MARC

LEADER 00000ntm a22000003a 4500
001 stuzp88610
003 SK-STU
005 20230404123111.7
007 ta
008 150427s2015----xo-----f-mn---000-0-slo-d
040 |a STU  |b slo 
041 0 |a slo 
044 |a xo 
100 1 |a Tereshchenko, Yurii  |u 035000  |4 aut  |U FEI Fakulta elektrotechniky a informatiky  |T FEI Ústav informatiky a matematiky  |X 112944  |U E050  |Y 816  |7 112944 
242 0 1 |a Creating a website - Let's get to know Bratislava and its surroundings together  |y eng 
245 1 0 |a Vytvorenie webovej stránky – Spoznávajme spoločne Bratislavu a jej okolie 
260 |a Bratislava :  |b STU v Bratislave FEI,  |c 2022 
300 |a 54 s., príl. 
650 4 |a React  |2 slo 
650 4 |a JavaScript  |2 slo 
650 4 |a REST  |2 slo 
650 4 |a API  |2 slo 
650 4 |a Node.js  |2 slo 
650 4 |a redakčný systém  |2 slo 
650 4 |a MySQL  |2 slo 
650 4 |a databáza  |2 slo 
650 4 |a React  |2 eng 
650 4 |a JavaScript  |2 eng 
650 4 |a REST  |2 eng 
650 4 |a API  |2 eng 
650 4 |a Node.js  |2 eng 
650 4 |a editorial system  |2 eng 
650 4 |a MySQL  |2 eng 
650 4 |a database  |2 eng 
700 1 |a Stašová, Oľga  |u 035000  |k Z1  |4 ths  |U FEI Fakulta elektrotechniky a informatiky  |T FEI Ústav informatiky a matematiky  |X 3695  |U E050  |Y 816  |7 A000003695 
856 4 |u https://opac.crzp.sk/?fn=detailBiblioFormChildW4609&sid=B599B75453D2B93F16DE3575B660&seo=CRZP-detail-kniha